000 00578nam a2200229Ia 4500
003 OSt
005 20220926044206.0
006 a|||||r|||| 00| 0
007 ta
008 220923b |||||||| |||| 00| 0 eng d
037 _cGeneral Book
040 _aRTL
_cRTL
_beng
041 _2eng
_aeng
082 _aY744Q7:1, K8
100 _aStephens Ian
245 0 _aPakistanis
260 _c1968
490 _aModern World Ed by C H C Blount.3
650 _aPakistan Society
942 _hY744Q7:1, K8
_cGB
_2CC
999 _c674188
_d674188